[Event "European Blitz 2017"]
[Site "Katowice POL"]
[Date "2017.12.15"]
[Round "3.41"]
[White "Wozniak, Mariola"]
[Black "Manik, Mikulas"]
[Result "0-1"]
[WhiteTitle "WIM"]
[BlackTitle "GM"]
[WhiteElo "2170"]
[BlackElo "2415"]
[WhiteFideId "1152050"]
[BlackFideId "14900734"]
[EventDate "2017.12.15"]
[EventType "blitz"]

1. e4 c5 2. Nf3 d6 3. d4 cxd4 4. Nxd4 Nf6 5. Nc3 a6 6. Be2 e6 7. O-O Qc7 8. Be3
b5 9. a3 Bb7 10. Bd3 Nbd7 11. Qe1 d5 12. exd5 Nxd5 13. Nxd5 Bxd5 14. Rd1 Be7 15.
Qe2 O-O 16. Rfe1 Nc5 17. Qg4 Nxd3 18. Rxd3 f5 19. Qh5 g6 20. Qh3 Bf6 21. Bh6
Rfe8 22. Nf3 Qxc2 23. Rde3 Qxb2 24. Ng5 Ra7 25. Nxe6 Bxe6 26. R3e2 Qc3 27. Qxc3
Bxc3 28. Rxe6 Rxe6 29. Rxe6 Kf7 30. Re3 Bd2 31. Rh3 Bxh6 32. Rxh6 Kf6 33. Rh3
Rc7 34. Kf1 Rc2 35. Ke1 h5 36. Rd3 Ke5 37. g3 Ra2 38. Rc3 Kd4 39. Re3 a5 40. h4
b4 41. axb4 axb4 42. Re6 b3 43. Rb6 Kc3 44. Rc6+ Kd3 45. Rd6+ Ke4 46. Re6+ Kd4
47. Rd6+ Kc5 48. Rd1 b2 49. Rb1 Ra1 0-1

[Event "European Blitz 2017"]
[Site "Katowice POL"]
[Date "2017.12.15"]
[Round "3.42"]
[White "Jaracz, Pawel"]
[Black "Bajerlein, Dawid"]
[Result "1-0"]
[WhiteTitle "GM"]
[WhiteElo "2465"]
[BlackElo "2055"]
[WhiteFideId "1102222"]
[BlackFideId "1133721"]
[EventDate "2017.12.15"]
[EventType "blitz"]

1. e4 c6 2. d4 d5 3. e5 Bf5 4. Be3 e6 5. Nd2 Nd7 6. Be2 c5 7. Ngf3 Ne7 8. dxc5
Nc6 9. Nb3 Ndxe5 10. Nxe5 Nxe5 11. Nd4 Bg6 12. Bb5+ Nd7 13. c6 bxc6 14. Nxc6 Qc7
15. Qd4 Be7 16. O-O a6 17. Ba4 Bf6 18. Qb4 Rc8 19. c4 dxc4 20. Rfd1 Be4 21. Na7
Qxa7 22. Bxa7 1-0

[Event "European Blitz 2017"]
[Site "Katowice POL"]
[Date "2017.12.15"]
[Round "3.43"]
[White "Baliasnyj, Timur"]
[Black "Miton, Kamil"]
[Result "1-0"]
[BlackTitle "GM"]
[WhiteElo "2220"]
[BlackElo "2584"]
[WhiteFideId "12802719"]
[BlackFideId "1111914"]
[EventDate "2017.12.15"]
[EventType "blitz"]

1. Nf3 Nf6 2. g3 d5 3. Bg2 c6 4. O-O Bg4 5. c4 e6 6. d3 Be7 7. Be3 O-O 8. Qb3
Qc8 9. Nbd2 Nbd7 10. Rac1 Qc7 11. h3 Bh5 12. Rfe1 a5 13. Qc2 Bg6 14. b3 Ba3 15.
Rb1 Rfe8 16. Nh4 Qd8 17. Nxg6 hxg6 18. Kh2 Bd6 19. Kg1 Qe7 20. Nf3 e5 21. cxd5
cxd5 22. Bc1 e4 23. Nd4 Rac8 24. Qd1 e3 25. Bxe3 Bxg3 26. Rc1 Bd6 27. Nb5 Bb8
28. Rxc8 Rxc8 29. Qd2 b6 30. Rc1 Re8 31. Nc7 Rd8 32. Nxd5 Nxd5 33. Bxd5 Qd6 34.
Bg2 Nf6 35. Rc6 Qh2+ 36. Kf1 b5 37. Qc2 Kh7 38. Rc8 Rxc8 39. Qxc8 Bf4 40. Qc5
Bxe3 41. Qxe3 Qd6 42. Bf3 Qa3 43. Qd2 Nd7 44. Qc2 Nc5 45. d4 Na6 46. d5 Nb4 47.
Qd2 a4 48. d6 axb3 49. axb3 Qa1+ 50. Kg2 Qf6 51. d7 Qg5+ 52. Qxg5 1-0

[Event "European Blitz 2017"]
[Site "Katowice POL"]
[Date "2017.12.15"]
[Round "3.44"]
[White "Piorun, Kacper"]
[Black "Zukauskas, Arnas Povilas"]
[Result "1-0"]
[WhiteTitle "GM"]
[WhiteElo "2651"]
[BlackElo "2082"]
[WhiteFideId "1130420"]
[BlackFideId "12808180"]
[EventDate "2017.12.15"]
[EventType "blitz"]

1. d4 d5 2. Bf4 e6 3. e3 Bd6 4. Bg3 Ne7 5. Bd3 O-O 6. Ne2 Nd7 7. Bxd6 cxd6 8.
O-O f5 9. Nd2 Nf6 10. c4 Bd7 11. Qb3 Bc6 12. cxd5 Bxd5 13. Bc4 Qd7 14. Nf4 Bxc4
15. Nxc4 Ned5 16. Nd3 a6 17. a4 b5 18. axb5 axb5 19. Nd2 Qb7 20. h3 Rfc8 21.
Rfe1 Kf7 22. Nb4 Nxb4 23. Qxb4 Qc6 24. Rxa8 Rxa8 25. Qb3 Ne4 26. Nxe4 fxe4 27.
Qd1 d5 28. Qd2 Rc8 29. Ra1 Qc2 30. Qb4 Qc4 31. Ra7+ Kg6 32. Qe7 Qc1+ 33. Kh2 1-0

[Event "European Blitz 2017"]
[Site "Katowice POL"]
[Date "2017.12.15"]
[Round "3.45"]
[White "Bekasovs, Rihards"]
[Black "Meskovs, Nikita"]
[Result "0-1"]
[BlackTitle "GM"]
[WhiteElo "2009"]
[BlackElo "2538"]
[WhiteFideId "11606029"]
[BlackFideId "11602740"]
[EventDate "2017.12.15"]
[EventType "blitz"]

1. Nf3 Nf6 2. b3 g6 3. Bb2 Bg7 4. g3 O-O 5. Bg2 d6 6. d4 Nbd7 7. O-O e5 8. dxe5
Ng4 9. c4 Ngxe5 10. Nxe5 Nxe5 11. Nc3 a5 12. Qd2 Re8 13. e4 a4 14. Rad1 axb3 15.
axb3 Nc6 16. Nb5 Ra2 17. Nc3 Ra6 18. Ra1 Rxa1 19. Bxa1 Nd4 20. Qd1 c6 21. Ne2
Ne6 22. Bxg7 Kxg7 23. Qc2 Qf6 24. Qc3 Nc5 25. Qc2 h5 26. b4 Ne6 27. Rd1 Rd8 28.
Qc3 Qxc3 29. Nxc3 Kf6 30. f4 Ke7 31. Kf2 Bd7 32. Ra1 Rb8 33. Ke3 h4 34. Bf3 hxg3
35. hxg3 Rh8 36. Ra2 Rh3 37. Rg2 Nc7 38. Be2 Na6 39. b5 Nc5 40. bxc6 bxc6 41.
Bd3 Bg4 42. e5 dxe5 43. fxe5 Rh5 44. Kd2 Rxe5 45. Kc2 Re3 46. Bf1 Bf5+ 47. Kb2
Nd3+ 48. Bxd3 Bxd3 49. c5 Bc4 50. g4 g5 51. Kc2 f6 52. Kd2 Re5 53. Rg1 Rxc5 54.
Ke3 Be6 55. Kd4 Rc4+ 56. Kd3 Rxg4 57. Re1 Rg3+ 58. Kc2 Kf7 59. Kb2 Bf5 60. Rf1
Kg6 61. Kb3 Be6+ 62. Kb4 Rg4+ 63. Ka3 c5 64. Nb5 Bc4 0-1

[Event "European Blitz 2017"]
[Site "Katowice POL"]
[Date "2017.12.15"]
[Round "3.46"]
[White "Neiksans, Arturs"]
[Black "Andrejczuk, Beata"]
[Result "1-0"]
[WhiteTitle "GM"]
[BlackTitle "WFM"]
[WhiteElo "2590"]
[BlackElo "2057"]
[WhiteFideId "11601388"]
[BlackFideId "1124900"]
[EventDate "2017.12.15"]
[EventType "blitz"]

1. g3 d5 2. Nf3 g6 3. Bg2 Bg7 4. c4 dxc4 5. Na3 e6 6. Nxc4 Nd7 7. d4 Ne7 8. O-O
O-O 9. e4 Rb8 10. Bf4 b5 11. Na5 Ba6 12. Rc1 Rc8 13. b4 Nb6 14. Ne5 Bxe5 15.
Bxe5 Nc4 16. Nxc4 bxc4 17. Bf6 Qd7 18. Qd2 1-0

[Event "European Blitz 2017"]
[Site "Katowice POL"]
[Date "2017.12.15"]
[Round "3.49"]
[White "Dzierzak, Radoslaw"]
[Black "Zelbel, Patrick"]
[Result "0-1"]
[BlackTitle "IM"]
[WhiteElo "2237"]
[BlackElo "2456"]
[WhiteFideId "1161407"]
[BlackFideId "24624322"]
[EventDate "2017.12.15"]
[EventType "blitz"]

1. e4 e5 2. Nf3 Nc6 3. Bb5 f5 4. d3 fxe4 5. dxe4 Nf6 6. O-O Bc5 7. Qd3 Nd4 8.
Nxd4 Bxd4 9. c3 Bb6 10. Bc4 d6 11. Be3 Qe7 12. Nd2 Bxe3 13. Qxe3 Be6 14. Rad1
O-O 15. f3 Kh8 16. Bxe6 Qxe6 17. b3 Nh5 18. g3 Qg6 19. Kh1 a6 20. c4 Nf6 21. Nb1
Nd7 22. Nc3 Nc5 23. Nd5 Rf7 24. b4 Ne6 25. f4 exf4 26. gxf4 Qh6 27. Qg3 Re8 28.
e5 Ref8 29. exd6 cxd6 30. f5 Rxf5 31. Rxf5 Rxf5 32. Qxd6 Qh5 33. Rd3 Qe2 34. Qg3
Rf1+ 0-1

[Event "European Blitz 2017"]
[Site "Katowice POL"]
[Date "2017.12.15"]
[Round "3.50"]
[White "Dziuba, Marcin"]
[Black "Krasenkova, Ilena"]
[Result "1-0"]
[WhiteTitle "GM"]
[BlackTitle "WIM"]
[WhiteElo "2584"]
[BlackElo "2123"]
[WhiteFideId "1112953"]
[BlackFideId "4119037"]
[EventDate "2017.12.15"]
[EventType "blitz"]

1. d4 Nf6 2. c4 g6 3. g3 c6 4. Nf3 d6 5. Bg2 Bg7 6. O-O O-O 7. Nc3 a5 8. h3 Na6
9. e4 Be6 10. b3 Qc8 11. Kh2 Rb8 12. Be3 b5 13. cxb5 cxb5 14. Rc1 Qd8 15. d5 Bd7
16. Nd4 b4 17. Na4 Bxa4 18. bxa4 Qd7 19. Nc6 Rbc8 20. Qd3 Nc5 21. Bxc5 dxc5 22.
Rxc5 e6 23. Rfc1 Ra8 24. d6 Bh6 25. f4 Nh5 26. e5 Nxf4 27. gxf4 Bxf4+ 28. Kh1
Bxc1 29. Rxc1 f6 30. Ne7+ Kh8 31. Bxa8 Rxa8 32. exf6 Qb7+ 33. Kh2 Rf8 34. f7 Qb6
35. Rf1 Kg7 36. Qf3 Qxd6+ 37. Qg3 Qxe7 38. Qe5+ Kh6 39. Rf6 Rxf7 40. Rxe6 Qc7
41. Kg3 Qxe5+ 42. Rxe5 Ra7 43. Rb5 Kg7 44. h4 h6 45. Kf4 Kf7 46. Rb6 Rd7 47. Rb5
Rd4+ 48. Ke5 Rd2 49. Rxa5 Rxa2 50. Ra7+ Kg8 51. Kf6 Rg2 52. Rb7 Rg4 53. a5 g5
54. a6 Rf4+ 55. Kg6 Kf8 56. a7 Re4 1-0

[Event "European Blitz 2017"]
[Site "Katowice POL"]
[Date "2017.12.15"]
[Round "3.51"]
[White "Olszynski, Kazimierz"]
[Black "Tomczak, Jacek"]
[Result "1/2-1/2"]
[BlackTitle "GM"]
[WhiteElo "2151"]
[BlackElo "2588"]
[WhiteFideId "1112376"]
[BlackFideId "1124668"]
[EventDate "2017.12.15"]
[EventType "blitz"]

1. e4 e6 2. f4 d5 3. e5 c5 4. Nf3 Nc6 5. Be2 f6 6. O-O Be7 7. c3 d4 8. d3 Nh6 9.
Nbd2 O-O 10. exf6 Bxf6 11. Ne4 Be7 12. cxd4 Nxd4 13. Nxd4 Qxd4+ 14. Kh1 b6 15.
Qb3 Qd5 16. Bf3 Bb7 17. Nf6+ Bxf6 18. Bxd5 Bxd5 19. Qc2 Nf5 20. Bd2 Bd4 21. Rae1
Rf6 22. h3 Rg6 23. Bc3 Ng3+ 24. Kh2 Nxf1+ 25. Rxf1 Rxg2+ 26. Qxg2 Bxg2 27. Kxg2
Rd8 28. Bxd4 Rxd4 29. Rf3 Kf7 30. Kf2 a5 31. Ke3 Rb4 32. Rf2 Kf6 33. a3 Rd4 34.
Rg2 g6 35. h4 h6 36. h5 gxh5 37. Rg8 h4 38. Rg4 e5 39. fxe5+ Kxe5 40. Rg6 Rd6
41. Rg4 Kf5 42. Rxh4 Kg5 43. Rh1 Rd4 44. Rg1+ Rg4 45. Rf1 h5 46. Rf8 Rd4 47.
Rg8+ Kf5 48. Rh8 h4 49. Rh6 b5 50. Rh5+ Kg4 51. Rxc5 Rd8 52. Rxb5 Rf8 53. Rxa5
h3 54. Ra7 h2 55. Rh7 Kg3 56. b4 Re8+ 57. Kd4 Kg2 58. a4 h1=Q 59. Rxh1 Kxh1 60.
b5 Ra8 61. Kc5 Rxa4 62. d4 Kg2 63. b6 Ra1 64. d5 Rc1+ 65. Kb5 Rb1+ 66. Kc6 Rc1+
67. Kd6 Rb1 68. Kc7 Rc1+ 69. Kd6 Rb1 70. Kc6 Rc1+ 1/2-1/2

[Event "European Blitz 2017"]
[Site "Katowice POL"]
[Date "2017.12.15"]
[Round "3.53"]
[White "Krainski, Aleksander"]
[Black "Olszewski, Michal"]
[Result "0-1"]
[WhiteTitle "FM"]
[BlackTitle "GM"]
[WhiteElo "2203"]
[BlackElo "2540"]
[WhiteFideId "1102400"]
[BlackFideId "1121251"]
[EventDate "2017.12.15"]
[EventType "blitz"]

1. e4 c5 2. Nf3 d6 3. d4 cxd4 4. Nxd4 Nf6 5. Nc3 a6 6. Be2 Nbd7 7. O-O g6 8. f4
Bg7 9. Kh1 O-O 10. Bf3 e5 11. Nb3 Qc7 12. f5 b5 13. a3 Bb7 14. Qe2 gxf5 15. exf5
e4 16. Bg4 Ne5 17. Bh3 Nc4 18. Rf4 Rfe8 19. Rb1 e3 20. Nd4 Qc5 21. Rh4 Rac8 22.
Kg1 Re7 23. b4 Qe5 24. Rb3 Nd2 25. Bb2 Nxb3 26. cxb3 Rxc3 27. Bxc3 Nd5 28. Bb2
Nf4 0-1

[Event "European Blitz 2017"]
[Site "Katowice POL"]
[Date "2017.12.15"]
[Round "3.55"]
[White "Castillo Martinez, Eloi"]
[Black "Zelcic, Robert"]
[Result "0-1"]
[BlackTitle "GM"]
[WhiteElo "2029"]
[BlackElo "2501"]
[WhiteFideId "22258663"]
[BlackFideId "14500310"]
[EventDate "2017.12.15"]
[EventType "blitz"]

1. c4 Nf6 2. g3 e6 3. Bg2 a6 4. Nc3 d5 5. cxd5 exd5 6. d4 c6 7. Nf3 Bd6 8. O-O
h6 9. a3 O-O 10. b4 Re8 11. Bb2 Bg4 12. Rc1 Nbd7 13. Na4 Qe7 14. Nc5 Bxc5 15.
bxc5 Qxe2 16. Qb3 Qb5 17. Qc3 Re2 18. Rb1 Ne4 19. Qc1 Qc4 20. Qxc4 dxc4 21. Ba1
Rb8 22. Rfe1 Rxe1+ 23. Rxe1 Nef6 24. Ne5 Nxe5 25. dxe5 Nd5 26. Bd4 Be6 27. Rc1
Rd8 28. Rxc4 Nf4 29. gxf4 Bxc4 30. Bc3 Rd1+ 0-1

[Event "European Blitz 2017"]
[Site "Katowice POL"]
[Date "2017.12.15"]
[Round "3.56"]
[White "Kislinsky, Alexey"]
[Black "Malczyk, Radoslaw"]
[Result "1-0"]
[WhiteTitle "GM"]
[WhiteElo "2513"]
[BlackElo "2049"]
[WhiteFideId "14108801"]
[BlackFideId "1128574"]
[EventDate "2017.12.15"]
[EventType "blitz"]

1. e4 Nc6 2. Nf3 d6 3. h3 Nf6 4. Nc3 g6 5. d4 Bg7 6. Bg5 h6 7. Be3 a6 8. Qd2 b5
9. a3 Bb7 10. Rd1 Rc8 11. Bd3 e5 12. dxe5 dxe5 13. O-O g5 14. Qe2 Qe7 15. b4 Nh5
16. Nd5 Qe6 17. c4 Nf4 18. Bxf4 gxf4 19. cxb5 axb5 20. Bxb5 O-O 21. Bc4 Qg6 22.
Nh4 Qg5 23. Nf3 Qg6 24. b5 Nd4 25. Nxd4 Bxd5 26. Nf5 Bxc4 27. Qxc4 Qb6 28. Ne7+
Kh8 29. Nxc8 Rxc8 30. Qxf7 Rf8 31. Qc4 f3 32. g3 Rg8 33. Rd7 Bf6 34. Kh2 1-0

[Event "European Blitz 2017"]
[Site "Katowice POL"]
[Date "2017.12.15"]
[Round "3.57"]
[White "Abozenko, Georg"]
[Black "Fedorchuk, Sergey A."]
[Result "0-1"]
[BlackTitle "GM"]
[WhiteElo "2034"]
[BlackElo "2648"]
[WhiteFideId "4500210"]
[BlackFideId "14102536"]
[EventDate "2017.12.15"]
[EventType "blitz"]

1. d4 Nf6 2. c4 e6 3. Nf3 Bb4+ 4. Nbd2 a5 5. e3 b6 6. Be2 Bb7 7. O-O O-O 8. a3
Be7 9. b3 d5 10. Bb2 Nbd7 11. Qc2 c5 12. Rac1 Rc8 13. Qb1 Rc7 14. Rfd1 Qa8 15.
cxd5 exd5 16. dxc5 bxc5 17. Nd4 Rfc8 18. Nf5 Bf8 19. Bf3 a4 20. Qa1 axb3 21.
Nxb3 d4 22. Bxb7 Qxb7 23. Na5 Qd5 24. Ng3 c4 25. Bxd4 Qxa5 26. Bc3 Qxa3 27. Qb1
Qc5 28. Nf5 Rb8 29. Qc2 Rb3 30. Ba1 Rd3 31. Rxd3 cxd3 32. Qxc5 Nxc5 33. Rd1 Nd5
34. Bd4 Nb3 0-1

[Event "European Blitz 2017"]
[Site "Katowice POL"]
[Date "2017.12.15"]
[Round "3.58"]
[White "Stupak, Kirill"]
[Black "Krzywda, Andrzej"]
[Result "1-0"]
[WhiteTitle "GM"]
[WhiteElo "2588"]
[BlackElo "2171"]
[WhiteFideId "13503758"]
[BlackFideId "1114565"]
[EventDate "2017.12.15"]
[EventType "blitz"]

1. d4 Nf6 2. c4 e6 3. g3 d5 4. Bg2 Be7 5. Nf3 O-O 6. O-O dxc4 7. Ne5 Nc6 8. Bxc6
bxc6 9. Nxc6 Qe8 10. Nxe7+ Qxe7 11. Qc2 e5 12. Rd1 Bb7 13. Nc3 Rfe8 14. Bg5 h6
15. Bxf6 Qxf6 16. d5 Rad8 17. Qa4 Qa6 18. Qxa6 Bxa6 19. Rd2 Rb8 20. Na4 Rb4 21.
Nc5 Bc8 22. Rc1 Bf5 23. a3 Rb5 24. Rxc4 a5 25. Na6 Reb8 26. Nxb8 Rxb8 27. Rxc7
Kf8 28. d6 a4 29. f3 Be6 30. d7 Rd8 31. Ra7 Ke7 32. Rxa4 f5 33. Kf2 g5 34. b4 h5
35. b5 Rb8 36. d8=Q+ Rxd8 37. Ra7+ Ke8 38. Rxd8+ Kxd8 39. b6 1-0

[Event "European Blitz 2017"]
[Site "Katowice POL"]
[Date "2017.12.15"]
[Round "3.59"]
[White "Jaskolka, Tomasz"]
[Black "Tregubov, Pavel V."]
[Result "0-1"]
[BlackTitle "GM"]
[WhiteElo "2011"]
[BlackElo "2575"]
[WhiteFideId "1170791"]
[BlackFideId "4115341"]
[EventDate "2017.12.15"]
[EventType "blitz"]

1. e4 c5 2. Nf3 e6 3. d3 Nc6 4. Nbd2 g6 5. g3 Bg7 6. Bg2 Nge7 7. O-O O-O 8. Re1
d6 9. c3 h6 10. Nf1 e5 11. Ne3 Be6 12. g4 Kh7 13. g5 Qd7 14. h4 f6 15. gxh6 Bxh6
16. Nf1 Bg4 17. Bxh6 Kxh6 18. Ne3 Kg7 19. Kh2 Rh8 20. Kg3 Be6 21. Rh1 d5 22. Qe2
d4 23. Nc2 Rh5 24. c4 Rah8 25. Bh3 Nd8 26. Rag1 Bxh3 27. Rxh3 Ne6 28. Qd2 Nf4
29. Rhh1 Ng8 30. Nce1 Nh6 31. Kh2 Qh3# 0-1

[Event "European Blitz 2017"]
[Site "Katowice POL"]
[Date "2017.12.15"]
[Round "3.60"]
[White "Schneider, Ilja"]
[Black "Shirshov, Nikolay"]
[Result "1-0"]
[WhiteTitle "IM"]
[WhiteElo "2517"]
[BlackElo "2197"]
[WhiteFideId "4663306"]
[BlackFideId "34126454"]
[EventDate "2017.12.15"]
[EventType "blitz"]

1. e4 c5 2. c3 g6 3. d4 cxd4 4. cxd4 Bg7 5. Nc3 d6 6. Nf3 Nf6 7. Be2 O-O 8. O-O
a6 9. Re1 b5 10. Bf1 Nc6 11. d5 Nb8 12. Be3 Nbd7 13. Nd4 Bb7 14. f3 Rc8 15. Qd2
Ne5 16. b3 Qa5 17. Rac1 Rc7 18. Nb1 Qxd2 19. Bxd2 Rfc8 20. Rxc7 Rxc7 21. Rc1
Rxc1 22. Bxc1 Nfd7 23. Be3 Nc5 24. h3 Kf8 25. Nc3 Ned7 26. b4 Na4 27. Nxa4 bxa4
28. a3 f5 29. exf5 Bxd4 30. Bxd4 gxf5 31. Kf2 Ne5 32. Ke3 Bxd5 33. Bxe5 dxe5 34.
Bxa6 f4+ 35. Kd3 Ke8 36. Bb5+ Kd8 37. Bxa4 Kc7 38. Bb5 e6 39. Bc4 Kb6 40. a4 h6
41. a5+ Kb7 42. b5 h5 43. h4 Ka7 44. Kc3 Kb7 45. Kb4 e4 46. Bxd5+ exd5 47. fxe4
dxe4 48. Kc3 Kc7 49. Kd4 e3 50. Kd3 Kb7 51. g3 fxg3 52. Kxe3 1-0

[Event "European Blitz 2017"]
[Site "Katowice POL"]
[Date "2017.12.15"]
[Round "3.61"]
[White "Zaleski, Lukasz"]
[Black "Fedorov, Alexei"]
[Result "0-1"]
[BlackTitle "GM"]
[WhiteElo "2229"]
[BlackElo "2573"]
[WhiteFideId "1172611"]
[BlackFideId "13500465"]
[EventDate "2017.12.15"]
[EventType "blitz"]

1. e4 c5 2. Nf3 Nc6 3. Bb5 e6 4. Bxc6 bxc6 5. O-O d5 6. d3 Ne7 7. b3 Ng6 8. Bb2
f6 9. Re1 e5 10. Nbd2 Bd6 11. Nf1 O-O 12. Ne3 Be6 13. Nf5 Qd7 14. N3h4 Nxh4 15.
Nxh4 g5 16. Nf3 Bg4 17. h3 Bh5 18. Rb1 Qf7 19. g4 Bg6 20. Nd2 h5 21. Kg2 Kg7 22.
Rh1 Rh8 23. Qf3 Rab8 24. Rbg1 a5 25. Nf1 c4 26. dxc4 Bxe4 0-1

[Event "European Blitz 2017"]
[Site "Katowice POL"]
[Date "2017.12.15"]
[Round "3.62"]
[White "Laurusas, Tomas"]
[Black "Oglaza, Oskar"]
[Result "0-1"]
[WhiteTitle "IM"]
[WhiteElo "2423"]
[BlackElo "2245"]
[WhiteFideId "12803731"]
[BlackFideId "1194402"]
[EventDate "2017.12.15"]
[EventType "blitz"]

1. d4 Nf6 2. c4 g6 3. Nc3 Bg7 4. g3 d5 5. cxd5 Nxd5 6. Bg2 Nb6 7. e3 O-O 8. Nge2
e5 9. d5 Nc4 10. O-O Nd6 11. e4 Nd7 12. Kh1 f5 13. exf5 gxf5 14. Be3 Nf6 15. Qb3
Ng4 16. Rad1 f4 17. h3 fxe3 18. hxg4 exf2 19. Ne4 Bxg4 20. Qe3 Nf5 21. Qd2 Bh6
22. Qd3 Qe8 23. Rxf2 Qh5+ 24. Kg1 Be3 25. Kf1 Nxg3+ 26. N4xg3 Rxf2+ 27. Ke1 Bxe2
28. Qxe3 Rxg2 29. Nxe2 Rf8 30. Kd2 Rf3 31. Qe4 Rff2 32. Re1 Qg5+ 33. Kd1 Rg4 34.
Qd3 e4 35. Qb5 Rf5 36. Qe8+ Kg7 37. Qd7+ Rf7 38. Qe6 e3 39. Nd4 Rxd4+ 0-1

[Event "European Blitz 2017"]
[Site "Katowice POL"]
[Date "2017.12.15"]
[Round "3.63"]
[White "Korbal, Arkadiusz"]
[Black "Ladva, Ottomar"]
[Result "0-1"]
[BlackTitle "GM"]
[WhiteElo "2181"]
[BlackElo "2522"]
[WhiteFideId "1133837"]
[BlackFideId "4500024"]
[EventDate "2017.12.15"]
[EventType "blitz"]

1. d4 Nf6 2. c4 e6 3. Nf3 a6 4. g3 b5 5. Nbd2 Bb7 6. Bg2 c5 7. dxc5 Bxc5 8. O-O
O-O 9. Nb3 Be7 10. cxb5 axb5 11. Bf4 d5 12. Qd3 b4 13. Rfc1 Ba6 14. Qd1 Nbd7 15.
Nfd4 Qb6 16. Rc6 Qd8 17. Rac1 e5 18. Rxa6 Rxa6 19. Nc6 Rxc6 20. Rxc6 exf4 21.
Nd4 fxg3 22. hxg3 Ne5 23. Ra6 Bc5 24. Nb3 Bb6 25. Qd2 Ne4 26. Bxe4 dxe4 27. Qxb4
Bc7 28. Qxe4 Ng6 29. Nc5 Re8 30. Qc2 h6 31. b4 Be5 32. Nd3 Bd4 33. e3 Bf6 34.
Rc6 Ne5 35. Nxe5 Bxe5 36. a4 Qd5 37. Rc8 Rxc8 38. Qxc8+ Kh7 39. Qc2+ g6 40. b5
Bd6 41. Qb2 Bb8 42. a5 Qd1+ 43. Kg2 Qd5+ 44. Kg1 Qc5 45. Qb3 Kg7 46. Qb2+ Kg8
47. a6 Ba7 48. Qb3 h5 49. Kg2 Bb6 50. Qd3 Kg7 51. Qb3 Ba7 52. Qd3 Bb6 53. Qb3
Qf5 54. Qc3+ Kg8 55. Qc6 Qc5 56. Qd7 Kg7 57. Qe8 g5 58. Qd7 g4 59. Qe8 Qd5+ 60.
Kh2 Qf5 61. Kg1 Qc5 62. Qd7 Kg6 63. Qd3+ Kg7 64. Qb3 Qe5 65. Qd3 Qc5 66. Qb3 Kg8
67. Qd3 Qe5 68. Qb3 h4 69. gxh4 g3 70. Kg2 gxf2 71. Kxf2 Qh2+ 72. Kf3 Qh3+ 73.
Ke2 Qxh4 74. Qd5 Qg3 75. Qb3 Qg2+ 76. Kd3 Qf3 77. Kc4 Qe4+ 78. Kc3 Qxe3+ 79. Kc4
Qxb3+ 80. Kxb3 f5 81. Kc4 f4 82. Kd5 f3 83. Kc6 f2 84. Kxb6 f1=Q 85. a7 Qf3 86.
Kc7 Qa8 87. b6 Kf7 88. b7 Qxa7 89. Kc8 Qc5+ 90. Kb8 Ke7 91. Ka8 Qa5+ 92. Kb8 Ke8
93. Kc8 Qd8# 0-1

[Event "European Blitz 2017"]
[Site "Katowice POL"]
[Date "2017.12.15"]
[Round "3.64"]
[White "Feuerstack, Aljoscha"]
[Black "Veiga, Jose Francisco R P Neves"]
[Result "1-0"]
[WhiteTitle "IM"]
[WhiteElo "2438"]
[BlackElo "2240"]
[WhiteFideId "4681932"]
[BlackFideId "1930087"]
[EventDate "2017.12.15"]
[EventType "blitz"]

1. e4 c5 2. c3 Nf6 3. e5 Nd5 4. Nf3 Nc6 5. Bc4 Nb6 6. Bb3 d5 7. exd6 Qxd6 8. O-O
c4 9. Bc2 Bg4 10. Re1 e6 11. b3 Be7 12. Na3 cxb3 13. axb3 a6 14. d4 O-O 15. Nc4
Nxc4 16. bxc4 Rfd8 17. Be4 Bh5 18. Rb1 Qc7 19. Qd3 Bg6 20. Bxg6 hxg6 21. Ng5 Na5
22. c5 Rd5 23. Nxe6 fxe6 24. Rxe6 Bf6 25. Qxg6 Qf7 26. Qe4 Rad8 27. Bf4 R5d7 28.
Bd6 Nc4 29. Bf4 a5 30. h3 Re7 31. Rxe7 Qxe7 32. Qxe7 Bxe7 33. Rxb7 Bf6 34. c6
Rc8 35. c7 a4 36. Rb8 Nb6 37. Rxb6 a3 38. Rb8 a2 39. Rxc8+ Kf7 40. Ra8 1-0

[Event "European Blitz 2017"]
[Site "Katowice POL"]
[Date "2017.12.15"]
[Round "3.65"]
[White "Zylka, Stanislaw"]
[Black "Pena Gomez, Manuel"]
[Result "1/2-1/2"]
[WhiteTitle "FM"]
[BlackTitle "IM"]
[WhiteElo "2336"]
[BlackElo "2491"]
[WhiteFideId "1189654"]
[BlackFideId "2252813"]
[EventDate "2017.12.15"]
[EventType "blitz"]

1. e4 e5 2. Nf3 Nc6 3. Bc4 Nf6 4. d3 d5 5. exd5 Nxd5 6. O-O Bc5 7. Re1 O-O 8.
Nbd2 Re8 9. h3 a5 10. Bb5 f6 11. c3 Be6 12. d4 exd4 13. Nb3 Bf8 14. Nbxd4 Nxd4
15. Nxd4 Bd7 16. Rxe8 Bxe8 17. Bxe8 Qxe8 18. Nf5 Qf7 19. Ne3 Rd8 20. Nxd5 Qxd5
21. Qxd5+ Rxd5 22. Be3 a4 23. Kf1 Rb5 24. Rb1 Bd6 25. Ke2 Be5 26. Kd3 Kf7 27.
Kc4 c6 28. b3 Ke6 29. Rd1 Ra5 30. b4 Ra8 31. Rd3 Re8 32. Kc5 Bc7 33. Kc4 f5 34.
b5 Rc8 35. bxc6 Be5 36. Kb5 Rxc6 37. Kxa4 Bxc3 38. Kb5 Be5 39. a4 Rc2 40. Rb3 f4
41. Ba7 Ra2 42. a5 Bf6 43. Kb6 Bd8+ 44. Kxb7 Rxa5 45. Bb6 Bxb6 46. Kxb6 Ra2 47.
Rf3 Ke5 48. Kc7 g5 49. Kd7 h5 50. g3 Ke4 51. Rb3 Rxf2 52. gxf4 Rxf4 53. Ke6 Rf3
54. Rb4+ Ke3 55. Rb5 Kf4 56. Rf5+ Ke4 57. Rxg5 Rxh3 58. Kf6 Kf4 59. Ra5 h4 60.
Ra4+ Kg3 61. Kg5 Rh1 62. Ra3+ Kf2 63. Kg4 Ke2 64. Rh3 1/2-1/2

[Event "European Blitz 2017"]
[Site "Katowice POL"]
[Date "2017.12.15"]
[Round "3.67"]
[White "Kuzmicz, Krystian"]
[Black "Lantos, Attila"]
[Result "1-0"]
[WhiteTitle "IM"]
[WhiteElo "2460"]
[BlackElo "2033"]
[WhiteFideId "1119125"]
[BlackFideId "726672"]
[EventDate "2017.12.15"]
[EventType "blitz"]

1. e4 Nc6 2. Nf3 e5 3. d4 exd4 4. Bc4 Bc5 5. c3 d3 6. Qxd3 Qe7 7. O-O Nf6 8. Bg5
h6 9. Bh4 g5 10. Bg3 Nh5 11. Nbd2 d6 12. Nb3 Bb6 13. Nbd4 Nf4 14. Bxf4 gxf4 15.
Nf5 Bxf5 16. exf5 O-O-O 17. a4 a6 18. b4 Ne5 19. Qe4 Nxf3+ 20. Qxf3 Rhg8 21. a5
Ba7 22. b5 d5 23. Bxd5 Rxd5 24. Qxd5 axb5 25. a6 c6 26. Qf3 Qg5 27. axb7+ Kxb7
28. Rfd1 1-0